Francisco Manuel de Herrera, fiscal de la Audencia de Buenos Aires (1789-1799) (Registro nro. 1941)

Detalles MARC
000 -LEADER
fixed length control field 01650 a2200229 4500
001 - CONTROL NUMBER
control field 29698
005 - DATE AND TIME OF LATEST TRANSACTION
control field 20260407155607.0
008 - FIXED-LENGTH DATA ELEMENTS--GENERAL INFORMATION
fixed length control field 260407a2008 arg spa d
003 - CONTROL NUMBER IDENTIFIER
control field AR-UNSa-BCEJYS
040 ## - CATALOGING SOURCE
Original cataloging agency AR-UNSa-BCEJYS
Language of cataloging spa
Transcribing agency AR-UNSa-BCEJYS
080 ## - UNIVERSAL DECIMAL CLASSIFICATION NUMBER
Universal Decimal Classification number 929:34
Common auxiliary subdivision Biografía de Abogados
020 ## - INTERNATIONAL STANDARD BOOK NUMBER
International Standard Book Number 978-950-29-1095-6
041 ## - LANGUAGE CODE
Language code of text/sound track or separate title spa
100 1# - MAIN ENTRY--PERSONAL NAME
Personal name Levaggi, Abelardo
245 10 - TITLE STATEMENT
Title Francisco Manuel de Herrera, fiscal de la Audencia de Buenos Aires (1789-1799)
Name of part/section of a work derecho, asuntos indígenas, religión, administración, economía
264 #1 - PRODUCTION, PUBLICATION, DISTRIBUTION, MANUFACTURE, AND COPYRIGHT NOTICE
Place of production, publication, distribution, manufacture Buenos Aires :
Name of producer, publisher, distributor, manufacturer Universidad de Buenos Aires. Facultad de Derecho. Departamento de Publicaciones
Date of production, publication, distribution, manufacture, or copyright notice 2008
300 ## - PHYSICAL DESCRIPTION
Extent 313 p.
Dimensions 22 cm.
505 ## - FORMATTED CONTENTS NOTE
Formatted contents note Primera parte:Vida y pensamiento de Francisco Manuel de Herrera: 1. Nacimiento, familia y educación - 2. Nombramiento como fiscal del crimen en Buenos Aires - 3. Incorporación ala audiencia de Buenos Aires.Trabajos - 4. Personalidad.Relación con autoridades - 5. Sus observaciones y comentarios sobre otros personajes y hechos - 6. Fiscal de la audiencia de Santiago de chile - 7. Fiscal del crimen de la audiencia de Lima.Promoción a la regencia del tribunal de santafé de bogotá - 8. Ejercicio de la regencia bogotana - 9. Padecimiento y muerte - 10. La biblioteca - 11. Carácter.Creencias.Doctrina - 12. Colofón--Segunda parte:En CD: 1. Criminales contra José Roldán por haber herido a josé Ayala.
590 ## - LOCAL NOTE (RLIN)
Local note niveau_biblio:m niveau_hierar:0
856 41 - ELECTRONIC LOCATION AND ACCESS
Uniform Resource Identifier <a href="https://biblioeco.unsa.edu.ar/pmb/images/libros/Francisco Manuel de Herrera, fiscal de la Audencia de Buenos Aires -l117751.jpg">https://biblioeco.unsa.edu.ar/pmb/images/libros/Francisco Manuel de Herrera, fiscal de la Audencia de Buenos Aires -l117751.jpg</a>
Link text Imagen de portada
Electronic format type image/jpeg
942 ## - ADDED ENTRY ELEMENTS (KOHA)
Koha item type
Existencias
Withdrawn status Lost status Damaged status Not for loan Home library Current library Shelving location Date acquired Total checkouts Full call number Barcode Date last seen Price effective from Koha item type
        Biblioteca Prof. Eusebio Cleto del Rey Biblioteca Prof. Eusebio Cleto del Rey   07/04/2026   929:34 L655 L117751 07/04/2026 07/04/2026 Libro